Minutes of evidence relating to the proposed construction of an Australian Government Centre at Parramatta, New South Wales /

Saved in:
Bibliographic Details
Corporate Author: Australia. Parliament. Standing Committee on Public Works
Format: Book
Language:English
Published: Canberra : Govt. Pr., 1975.
Subjects:
LEADER 01174nam a2200253 i 4500
001 c000147975
003 CARM
005 00000000000000.0
008 760918s1975 at f00010 eng d
019 1 |a 1639416  |5 LACONCORD2021 
020 |a 0642931100 :  |c unpriced 
035 |a (OCoLC)27499780  |5 LACONCORD2021 
042 |a anuc 
043 |a u-at-ne 
110 1 0 |a Australia.  |b Parliament.  |b Standing Committee on Public Works. 
245 1 0 |a Minutes of evidence relating to the proposed construction of an Australian Government Centre at Parramatta, New South Wales /  |c Parliamentary Standing Committee on Public Works. 
260 |a Canberra :  |b Govt. Pr.,  |c 1975. 
300 |a 178p. ;  |c 25cm. 
500 |a Government buildings. Sydney. Parramatta. Australian Government Centre (proposed). Construction. Minutes of evidence (ANB/PRECIS SIN 0091316) 
650 0 |a Public buildings  |z New South Wales  |z Parramatta. 
852 8 |b CARM  |h A2:AF05E0  |i C00917  |p 0048763  |f BK 
082 0 4 |a 725.1/0994/4/1 
999 f f |i f583cdcc-d4cf-5a0f-afe2-84cff0af57cb  |s 68048e5b-a19b-5e49-9a99-2c1f5e72b77f 
952 f f |p Can circulate  |a CAVAL  |b CAVAL  |c CAVAL  |d CARM 1 Store  |e C00917  |f A2:AF05E0  |h Other scheme  |i book  |m 0048763